| 000 | 00609nam a2200193Ii 4500 | ||
|---|---|---|---|
| 003 | JO-AjNU | ||
| 008 | 230605s9999||||xx |||||||||||||| ||und|| | ||
| 040 |
_aJO-AjNU _bara _erda _cJO-AjNU |
||
| 041 | _aara | ||
| 050 | 1 | 4 | _aPJ 7542.N37 1992 |
| 100 | 3 |
_aناصيف، إميل, _eauthor _911148 |
|
| 245 | 0 | 0 | _aأروع ما قيل في الزهد والتصوف |
| 264 | 3 | 1 | _aبيروت: دار الجيل، 1992 |
| 300 | _a160ص | ||
| 336 |
_atext _btxt _2rdacontent |
||
| 337 |
_aunmediated _bn _2rdamedia |
||
| 338 |
_avolume _bnc _2rdacarrier |
||
| 650 | 4 |
_aالزهد - التصوف الاسلامي _911149 |
|
| 999 |
_aA2173 _c5741 _d5741 |
||